| 000 | 00995nam a2200325 a 4500 | ||
|---|---|---|---|
| 001 | 000108298 | ||
| 003 | CHAP | ||
| 005 | 20220329144006.0 | ||
| 008 | 140123s2012 na a |ra |||1|||eng d | ||
| 010 | _a104760 | ||
| 011 | _a105732 | ||
| 020 | _a9780415620772 | ||
| 040 | _cCHAP | ||
| 082 | 0 | 4 |
_a574.5222 _bF31 |
| 100 | 1 |
_aFell, Hans Josep _9125231 |
|
| 245 | 1 | 0 |
_aGlobal cooling : _bstrategies for climate protection / _cpor Hans-Josef Fell. |
| 260 |
_aLeiden, Netherlands : _bCRC Press, _cc2012. |
||
| 300 |
_axxxi, 150 p. : _bil., gráfs. |
||
| 490 | 1 |
_aSustainable energy developments _v1 |
|
| 590 |
_aE6096MTM _b05 _c20140123 _lUCH01 _h1343 |
||
| 590 |
_aE6096MTM _b05 _c20140123 _lUCH01 _h1354 |
||
| 650 | 1 | 4 |
_aBioclimatología. _912719 |
| 650 | 1 | 4 |
_aCambios climáticos. _917792 |
| 650 | 1 | 4 |
_aMedio ambiente _xProtección. _974106 |
| 650 | 1 | 4 |
_aPolítica ambiental. _990422 |
| 830 | 0 |
_aSustainable energy developments _v1 _9125232 |
|
| 901 | _aBK | ||
| 942 | _cLIBRO | ||
| 942 | _n0 | ||
| 999 |
_c104760 _d104760 |
||